Statistics for French Food Words Quiz

Click here to take the quiz!

General Stats

  • This quiz has been taken 572 times
  • The average score is 27 of 41

Answer Stats

HintAnswer% Correct
fromagecheese
97%
cafécoffee
92%
bananebanana
91%
poissonfish
91%
baconbacon
90%
pouletchicken
90%
porcpork
89%
toasttoast
89%
croissantcroissant
88%
oeufegg
86%
jusjuice
86%
beurrebutter
83%
baguettebaguette
82%
pizzapizza
80%
painbread
76%
sandwichsandwich
75%
chocolat chaudhot chocolate
73%
steaksteak
72%
saladesalad
71%
confiturejam
69%
saucissonsausage
67%
omeletteomelette
66%
selsalt
65%
quichequiche
60%
eauwater
59%
rizrice
57%
verreglass
51%
fourchettefork
50%
serviettenapkin
50%
thétea
50%
couteauknife
48%
poivrepepper
48%
tassecup
47%
bolbowl
46%
cuillèrespoon
45%
légumesvegetables
45%
tartepie
43%
pamplemoussegrapefruit
42%
menthemint
42%
pâtespasta
28%
cocasoda
8%

Score Distribution

Percentile by Number Answered

Percent of People with Each Score

Your Score History

You have not taken this quiz